Nền và móng các công trình dân dụng - công nghiệp
Những nguyên tắc cơ bản của thiết kê nền móng, thiết kế móng nông trên nền thiên nhiên, tính toán móng mềm, nền nhân tạo, ....
Đã lưu trong:
| Príomhúdar: | |
|---|---|
| Údair Eile: | , |
| Formáid: | Leabhar |
| Teanga: | Vietnamese |
| Foilsithe: |
H.
Xây dựng
2013
|
| Eagrán: | Tái bản |
| Ábhair: | |
| Clibeanna: |
Cuir Clib Leis
Gan Chlibeanna, Bí ar an gcéad duine leis an taifead seo a chlibeáil!
|
| Thư viện lưu trữ: | Thư viện Trường Đại học Nam Cần Thơ |
|---|
| LEADER | 01987nam a22003017a 4500 | ||
|---|---|---|---|
| 001 | NCT_65322 | ||
| 008 | 190809b xxu||||| |||| 00| 0 vie d | ||
| 999 | |c 3166 |d 3166 | ||
| 020 | |c 132000 | ||
| 082 | 0 | 4 | |2 23rd ed. |a 624.15 |b Qu106 |
| 100 | 1 | |a Nguyễn Văn Quảng | |
| 245 | 1 | 0 | |a Nền và móng các công trình dân dụng - công nghiệp |c Nguyễn Văn Quảng, Nguyễn Hữu Kháng, Uông Đình Chất |
| 250 | |a Tái bản | ||
| 260 | |a H. |b Xây dựng |c 2013 | ||
| 300 | |a 390 tr. |b minh họa |c 27cm | ||
| 500 | |a ĐTTS ghi: Trường Đại học Kiến trúc Hà Nội | ||
| 520 | 3 | |a Những nguyên tắc cơ bản của thiết kê nền móng, thiết kế móng nông trên nền thiên nhiên, tính toán móng mềm, nền nhân tạo, .... | |
| 653 | |a Kỹ thuật công trình xây dựng | ||
| 700 | 1 | |a Nguyễn Hữu Kháng | |
| 700 | 1 | |a Uông Đình Chất | |
| 942 | |2 ddc |c BK | ||
| 952 | |0 0 |1 0 |2 ddc |4 0 |6 624_150000000000000_QU106 |7 0 |9 17030 |a 000001 |b 000001 |d 2019-08-09 |o 624.15 Qu106 |p MD.15729 |r 2019-08-09 |v 132000.00 |w 2019-08-09 |y BK | ||
| 952 | |0 0 |1 0 |2 ddc |4 0 |6 624_150000000000000_QU106 |7 0 |9 17031 |a 000001 |b 000001 |d 2019-08-09 |o 624.15 Qu106 |p MD.15730 |r 2019-08-09 |v 132000.00 |w 2019-08-09 |y BK | ||
| 952 | |0 0 |1 0 |2 ddc |4 0 |6 624_150000000000000_QU106 |7 0 |9 17032 |a 000001 |b 000001 |d 2019-08-09 |o 624.15 Qu106 |p MD.15731 |r 2019-08-09 |v 132000.00 |w 2019-08-09 |y BK | ||
| 952 | |0 0 |1 0 |2 ddc |4 0 |6 624_150000000000000_QU106 |7 0 |9 17033 |a 000001 |b 000001 |d 2019-08-09 |o 624.15 Qu106 |p MD.15732 |r 2019-08-09 |v 132000.00 |w 2019-08-09 |y BK | ||
| 952 | |0 0 |1 0 |2 ddc |4 0 |6 624_150000000000000_QU106 |7 0 |9 17034 |a 000001 |b 000001 |d 2019-08-09 |o 624.15 Qu106 |p MD.15733 |r 2019-08-09 |v 132000.00 |w 2019-08-09 |y BK | ||
| 952 | |0 0 |1 0 |2 ddc |4 0 |6 624_150000000000000_QU106 |7 0 |9 17035 |a 000001 |b 000001 |d 2019-08-09 |o 624.15 Qu106 |p MD.15734 |r 2019-08-09 |t 132000 |w 2019-08-09 |y BK | ||
| 980 | |a Thư viện Trường Đại học Nam Cần Thơ | ||